| 000 | 00647nam a22002177a 4500 | ||
|---|---|---|---|
| 003 | UA-OsUOA | ||
| 001 | 41029 | ||
| 007 | ta | ||
| 008 | 20060913b un ||||| |||| 00| 0 ukr d | ||
| 100 | _aДидим А. | ||
| 090 |
_a101 _bД-11 |
||
| 942 | _cSA | ||
| 040 |
_aUA-OsUOA _brus _cUA-OsUOA _dUA-OsUOA |
||
| 245 | _aЭтический компендий. Академики, стоики, перипатетики/Философская антропология: страницы классики | ||
| 300 | _aС.84-99 | ||
| 955 | _a0 | ||
| 041 | _arus | ||
| 080 | _a101 | ||
| 773 | 0 | _w41027 | |
| 650 | 7 |
_a1 Філософські науки _2UDC |
|
| 999 |
_c327167 _d327167 |
||